00653 2200241 4500001002100000005001700021008004100038020002200079035002400101040001200125041000800137082001700145084001500162090001900177245005900196250001100255260003400266300003000300650002800330700001900358850001200377990002200389INLIS00000000002831120170612083627.0  a978-602-225-226-9 0010-061700000000219 aYOPDYOG0 aind042[23]a808.83 a808.83 Had aDEP 808.83 Had1 aHADIAH kecil untuk orangtuac/ Dhee Shinzy Y...[et.al] aCet. 1 aYogyakartabLeutikaprioc2011 axviii, 152 hlm.c; 19 cm. aCerita pendekxKumpulan0 aDhee Shinzy Y. aYOPDYOG aCB-D.11/2011-2579